[Event "World Rapid 2023"]
[Site "Samarkand UZB"]
[Date "2023.12.26"]
[EventDate "2023.12.26"]
[Round "1.74"]
[Result "0-1"]
[White "Timur Yonal"]
[Black "Pouya Idani"]
[WhiteElo "1854"]
[BlackElo "2516"]
[PlyCount "96"]

1. e4 c5 2. Nc3 Nc6 3. Bb5 Nd4 4. Bc4 g6 5. d3 Bg7 6. Nge2 e6 7. O-O a6 8.
a4 Ne7 9. Nxd4 cxd4 10. Ne2 d5 11. exd5 Nxd5 12. Re1 O-O 13. a5 Ne7 14. Bg5
h6 15. Bxe7 Qxe7 16. Qd2 Bd7 17. Rab1 Bc6 18. c3 dxc3 19. bxc3 Rac8 20. Qe3
Qg5 21. Qxg5 hxg5 22. Rb3 Rfd8 23. Ra1 Rc7 24. Ng3 Kh7 25. f3 Bd5 26. Ne4
Kh6 27. Rab1 Bxc4 28. dxc4 f5 29. Ng3 Rxc4 30. Rxb7 Bxc3 31. Re7 Rd6 32.
Rbb7 g4 33. Ne2 gxf3 34. gxf3 Bd2 35. Kg2 Kg5 36. Rb6 Rcc6 37. Rxc6 Rxc6
38. Nd4 Rd6 39. Nb3 Be3 40. Rf7 Rd3 41. Rb7 Rc3 42. Rb4 Rc2+ 43. Kh1 e5 44.
h4+ Kh5 45. Ra4 f4 46. Re4 Kxh4 47. Rxe5 Kh3 48. Nd2 Rc1+ 0-1

[Event "World Rapid 2023"]
[Site "Samarkand UZB"]
[Date "2023.12.26"]
[EventDate "2023.12.26"]
[Round "1.75"]
[Result "1-0"]
[White "Dmitry Bocharov"]
[Black "Nikolay Tregubenko"]
[WhiteElo "2515"]
[BlackElo "1815"]
[PlyCount "46"]

1. d4 Nf6 2. c4 g6 3. Nc3 Bg7 4. e4 d6 5. Nf3 O-O 6. Be2 e5 7. O-O exd4 8.
Nxd4 Re8 9. f3 c6 10. Kh1 Nbd7 11. Bg5 Qc7 12. Qd2 Nf8 13. Rad1 Be6 14. Bf4
Rad8 15. c5 a5 16. cxd6 Qb6 17. e5 Nh5 18. Be3 c5 19. Nxe6 Rxe6 20. f4 Ree8
21. Nd5 Qc6 22. Bf3 Qd7 23. g4 1-0

[Event "World Rapid 2023"]
[Site "Samarkand UZB"]
[Date "2023.12.26"]
[EventDate "2023.12.26"]
[Round "1.76"]
[Result "0-1"]
[White "Danis Kuandykuly"]
[Black "Velimir Ivic"]
[WhiteElo "1755"]
[BlackElo "2509"]
[PlyCount "38"]

1. e4 c5 2. Nf3 Nc6 3. d4 cxd4 4. Nxd4 e5 5. Nb5 d6 6. N1c3 a6 7. Na3 Be6
8. Nd5 Nf6 9. Nxf6+ Qxf6 10. c3 Qg6 11. f3 Rd8 12. c4 Be7 13. Be3 O-O 14.
Bb6 Rc8 15. Nc2 Bd8 16. Bf2 Ba5+ 17. b4 Nxb4 18. Ne3 Nd3+ 19. Ke2 Nf4# 0-1

[Event "World Rapid 2023"]
[Site "Samarkand UZB"]
[Date "2023.12.26"]
[EventDate "2023.12.26"]
[Round "1.77"]
[Result "1-0"]
[White "Denis Lazavik"]
[Black "David Bogdan"]
[WhiteElo "2453"]
[BlackElo "1745"]
[PlyCount "116"]

1. d4 d5 2. c4 e6 3. Nc3 Be7 4. Nf3 Nf6 5. g3 O-O 6. Bg2 c6 7. O-O b6 8.
Ne5 a5 9. Bf4 Ba6 10. cxd5 cxd5 11. Rc1 Nfd7 12. Nd3 b5 13. e4 b4 14. Na4
dxe4 15. Bxe4 Ra7 16. Re1 Nf6 17. Bg2 Rd7 18. Be3 Nd5 19. Nac5 Rc7 20. Nxa6
Nxa6 21. Bd2 Bf6 22. Ne5 Rxc1 23. Bxc1 Qc7 24. Ng4 Qb6 25. Bxd5 exd5 26.
Nxf6+ Qxf6 27. Bf4 h6 28. Be5 Qf5 29. Qa4 Rc8 30. Qxa5 Rc2 31. Rf1 Qe6 32.
b3 Qc6 33. Bf4 g5 34. Qd8+ Kg7 35. Bd6 Nc7 36. Qf8+ Kg6 37. Qg8+ Kf6 38.
Qh7 Rc1 39. Qxh6+ Kf5 40. Qh7+ Ke6 41. Bxc7 Rxf1+ 42. Kxf1 Qxc7 43. Qh6+
Kf5 44. Kg2 Qe7 45. Qh7+ Kf6 46. Qd3 Qa7 47. Qe3 Qxa2 48. Qe5+ Kg6 49. Qxd5
Qb2 50. Qd6+ f6 51. Qxb4 Qc2 52. Qb7 Qd3 53. Qd5 Qc2 54. b4 Qc7 55. b5 g4
56. Qc6 Qh7 57. b6 Qh3+ 58. Kg1 1-0

[Event "World Rapid 2023"]
[Site "Samarkand UZB"]
[Date "2023.12.26"]
[EventDate "2023.12.26"]
[Round "2.2"]
[Result "1/2-1/2"]
[White "Ter-Sahakyan, Samvel"]
[Black "Levon Aronian"]
[WhiteElo "2531"]
[BlackElo "2762"]
[PlyCount "122"]

1. e4 c5 2. Nf3 a6 3. g3 b5 4. d4 cxd4 5. Nxd4 Bb7 6. Bg2 e6 7. O-O Nc6 8.
a4 b4 9. Nxc6 Bxc6 10. Nd2 Nf6 11. Qe2 Be7 12. Nc4 Rc8 13. Be3 Qc7 14. Bf4
Qb7 15. Na5 Qb6 16. Nc4 Qb7 17. Na5 Qa8 18. Nxc6 Qxc6 19. e5 Nd5 20. Qg4 g5
21. Bd2 h5 22. Qe2 Qc4 23. Qxc4 Rxc4 24. Rac1 O-O 25. Bxd5 exd5 26. b3 Re4
27. Rfe1 Rc8 28. Rxe4 dxe4 29. c4 bxc3 30. Rxc3 Rxc3 31. Bxc3 d5 32. exd6
Bxd6 33. b4 Kf8 34. h3 f5 35. g4 fxg4 36. hxg4 hxg4 37. b5 axb5 38. axb5
Ke7 39. Bd4 Bf4 40. Kf1 Kd6 41. Ke2 g3 42. fxg3 Bxg3 43. b6 Kc6 44. Ke3 Kd5
45. Bf6 Bf4+ 46. Ke2 Kc6 47. Bd4 g4 48. Bg1 g3 49. Bd4 Bg5 50. Kf1 Bf4 51.
Ke2 Kd5 52. Bg1 Bd6 53. Be3 Kc6 54. Bd4 Bf4 55. Bg1 Kd5 56. Kf1 e3 57. b7
Ke4 58. Ke2 g2 59. Bxe3 Bxe3 60. b8=Q g1=Q 61. Qb1+ Qxb1 1/2-1/2

[Event "World Rapid 2023"]
[Site "Samarkand UZB"]
[Date "2023.12.26"]
[EventDate "2023.12.26"]
[Round "2.3"]
[Result "1/2-1/2"]
[White "Aryan Tari"]
[Black "Peter Svidler"]
[WhiteElo "2540"]
[BlackElo "2737"]
[PlyCount "128"]

1. e4 c5 2. Nf3 e6 3. d4 cxd4 4. Nxd4 a6 5. g3 d5 6. Nb3 Nf6 7. exd5 exd5
8. Bg2 Bg4 9. Qd3 Nc6 10. O-O Be7 11. Nc3 Nb4 12. Qd2 Bf5 13. Nd4 Bg6 14.
b3 O-O 15. Bb2 Nc6 16. Nxc6 bxc6 17. Rad1 Re8 18. Rfe1 Qc7 19. h3 Bd6 20.
Rxe8+ Rxe8 21. Re1 Rxe1+ 22. Qxe1 h5 23. Qe2 a5 24. Bc1 h4 25. g4 Bf4 26.
Bd2 Kh7 27. Kf1 Nd7 28. Na4 Nf8 29. Nc5 Bd6 30. Nd3 Ne6 31. Bc3 a4 32. Qe3
axb3 33. axb3 Nf4 34. Nxf4 Bxf4 35. Qe2 Qa7 36. Be5 Bxe5 37. Qxe5 Bxc2 38.
Bf3 Bxb3 39. Qh5+ Kg8 40. Qxh4 Qa1+ 41. Kg2 Qf6 42. Qg3 Bc4 43. g5 Qe7 44.
Qg4 Qe6 45. Qf4 Bd3 46. h4 g6 47. Qb8+ Kh7 48. Kg3 c5 49. Qc7 c4 50. h5
gxh5 51. Bxh5 Bg6 52. Bg4 Qe1 53. Bf3 Qd2 54. Qe5 c3 55. Kg2 c2 56. Qh2+
Kg7 57. Qe5+ Kf8 58. Qd6+ Ke8 59. Qc6+ Ke7 60. Qc7+ Ke6 61. Qc6+ Ke7 62.
Qc7+ Ke8 63. Qc8+ Ke7 64. Qc7+ 1/2-1/2

[Event "World Rapid 2023"]
[Site "Samarkand UZB"]
[Date "2023.12.26"]
[EventDate "2023.12.26"]
[Round "2.4"]
[Result "1-0"]
[White "Richard Rapport"]
[Black "Levan Pantsulaia"]
[WhiteElo "2802"]
[BlackElo "2522"]
[PlyCount "62"]

1. d4 c5 2. d5 g6 3. e4 Bg7 4. Nc3 d6 5. f4 Nf6 6. Bb5+ Nfd7 7. a4 O-O 8.
Nf3 Na6 9. O-O Nc7 10. Bd3 b6 11. Ra3 Ba6 12. Nb5 Bxb5 13. axb5 a6 14. bxa6
b5 15. c3 c4 16. Bc2 Rxa6 17. Rxa6 Nxa6 18. Be3 Nac5 19. Nd4 Qb6 20. Nc6
Re8 21. Qf3 Qa6 22. f5 Bf6 23. fxg6 hxg6 24. e5 dxe5 25. Bxc5 Nxc5 26. d6
Kg7 27. dxe7 Nd7 28. Be4 Qb6+ 29. Kh1 Qc7 30. g4 g5 31. Qh3 1-0

[Event "World Rapid 2023"]
[Site "Samarkand UZB"]
[Date "2023.12.26"]
[EventDate "2023.12.26"]
[Round "2.5"]
[Result "0-1"]
[White "Andrew Hong"]
[Black "Nodirbek Abdusattorov"]
[WhiteElo "2539"]
[BlackElo "2676"]
[PlyCount "80"]

1. e4 e5 2. Nf3 Nc6 3. Bc4 Nf6 4. d3 Be7 5. O-O O-O 6. Nc3 d6 7. a4 Bg4 8.
h3 Bh5 9. Be3 Kh8 10. Nd5 Nxd5 11. Bxd5 Qc8 12. c3 Nd8 13. Kh1 c6 14. Bb3
f5 15. g4 fxg4 16. Nh2 Ne6 17. hxg4 Bg6 18. f3 Nf4 19. d4 Qc7 20. Qd2 Rad8
21. Rad1 d5 22. exd5 Nxd5 23. dxe5 Qxe5 24. Bd4 Qc7 25. Qf2 Nf4 26. Bc2 c5
27. Be3 Nd3 28. Qe2 c4 29. b3 Rfe8 30. Bd4 Bg5 31. Qg2 Nf4 32. Qf2 Re2 33.
Bxg6 Rxf2 34. Rxf2 hxg6 35. bxc4 Qxc4 36. Nf1 Qxa4 37. Rb1 Rxd4 38. cxd4
Qxd4 39. Rd2 Qc3 40. Rf2 Bh4 0-1

[Event "World Rapid 2023"]
[Site "Samarkand UZB"]
[Date "2023.12.26"]
[EventDate "2023.12.26"]
[Round "2.9"]
[Result "1-0"]
[White "Santosh Gujrathi Vidit"]
[Black "Vahap Sanal"]
[WhiteElo "2659"]
[BlackElo "2526"]
[PlyCount "88"]

1. d4 d5 2. Nf3 Nf6 3. Bf4 Bf5 4. e3 e6 5. Bd3 Bd6 6. Bg5 c6 7. O-O Nbd7 8.
c4 Bxd3 9. Qxd3 O-O 10. Nc3 Be7 11. Rfd1 Nh5 12. Bxe7 Qxe7 13. e4 dxc4 14.
Qxc4 Nhf6 15. Qb3 Rab8 16. Rac1 e5 17. d5 Rfc8 18. dxc6 bxc6 19. Qc2 g6 20.
Nd2 Nh5 21. Nc4 Nf4 22. Ne2 Nb6 23. Nxf4 exf4 24. Nd6 Rc7 25. Nb5 Rcc8 26.
Nd4 c5 27. Nf3 Qe6 28. a3 c4 29. h3 Rd8 30. e5 Qc6 31. Re1 Re8 32. Re4 f6
33. Rce1 fxe5 34. Nxe5 Qd5 35. h4 Re6 36. Ng4 Rxe4 37. Rxe4 Qd3 38. Qc1 Nd5
39. Rxc4 Kg7 40. Rc7+ Kh8 41. Rc8+ Rxc8 42. Qxc8+ Kg7 43. Qd7+ Kf8 44. Ne5
1-0

[Event "World Rapid 2023"]
[Site "Samarkand UZB"]
[Date "2023.12.26"]
[EventDate "2023.12.26"]
[Round "2.10"]
[Result "1-0"]
[White "Zhamsaran Tsydypov"]
[Black "AR Saleh Salem"]
[WhiteElo "2533"]
[BlackElo "2680"]
[PlyCount "84"]

1. d4 Nf6 2. c4 g6 3. Nf3 Bg7 4. g3 O-O 5. Bg2 d6 6. O-O Nc6 7. Nc3 e5 8.
d5 Nb8 9. e4 a5 10. a3 Bd7 11. Ne1 Na6 12. Nd3 a4 13. Nxa4 Bxa4 14. Qxa4
Nc5 15. Qc2 Nfxe4 16. Nxc5 Nxc5 17. b4 e4 18. Rb1 Nd3 19. Bxe4 Nxc1 20.
Qxc1 Re8 21. Bf3 h5 22. Rb3 Qf6 23. c5 Re7 24. h4 Qf5 25. Kg2 Bf6 26. Qc4
Rae8 27. a4 Re1 28. Rxe1 Rxe1 29. a5 Ra1 30. c6 bxc6 31. dxc6 Kg7 32. Bd5
Rd1 33. Bxf7 Bd4 34. Qe2 Ra1 35. Bc4 d5 36. Rd3 dxc4 37. Rxd4 Ra3 38. Rd7+
Kh6 39. Qd2+ g5 40. Qxg5+ Qxg5 41. hxg5+ Kxg5 42. Rxc7 1-0

[Event "World Rapid 2023"]
[Site "Samarkand UZB"]
[Date "2023.12.26"]
[EventDate "2023.12.26"]
[Round "2.11"]
[Result "1/2-1/2"]
[White "Kacper Piorun"]
[Black "Andrey Esipenko"]
[WhiteElo "2517"]
[BlackElo "2694"]
[PlyCount "214"]

1. e4 e5 2. Nf3 Nc6 3. Bb5 a6 4. Ba4 Nf6 5. O-O Be7 6. d3 b5 7. Bb3 d6 8.
a3 Na5 9. Ba2 c5 10. Nc3 Be6 11. Bg5 O-O 12. Bxf6 Bxf6 13. Nd5 Nc6 14. a4
b4 15. c3 a5 16. Bc4 g6 17. Qd2 Rb8 18. h3 Bg7 19. Rae1 Kh8 20. Ng5 Bd7 21.
Bb5 h6 22. Nf3 f5 23. Qe2 Kh7 24. Nd2 f4 25. f3 h5 26. Nc4 Be8 27. Rc1 Bh6
28. Qd1 Bg7 29. Kf2 Rf7 30. Ke2 Bf8 31. Rh1 Ra7 32. Qe1 Bh6 33. Qd1 Rf7 34.
Kd2 Bf8 35. Ke2 Qc8 36. Qd2 Qe6 37. Qc2 Ra7 38. Qd2 Kg7 39. Qc2 Qc8 40. Qd2
Bf7 41. Kf2 Qb7 42. Ncb6 Rd8 43. Rhd1 Be7 44. Kg1 Bg5 45. d4 Ne7 46. Bc4
Nxd5 47. Nxd5 Raa8 48. Qf2 Qa7 49. cxb4 cxb4 50. dxe5 dxe5 51. Bb5 Bh4 52.
Qxa7 Rxa7 53. Kf1 Raa8 54. Rc7 Kf8 55. Ke2 Rdc8 56. Rdc1 Be6 57. Nb6 Rxc7
58. Rxc7 Rb8 59. Nc4 Bd8 60. Rc5 Rc8 61. Rxc8 Bxc8 62. Nxe5 g5 63. Nc6 Bb6
64. Kd3 g4 65. hxg4 hxg4 66. fxg4 Bxg4 67. Ne5 Bc8 68. Ng6+ Kg7 69. Nxf4
Bc7 70. Nd5 Be5 71. Nb6 Be6 72. Bc4 Bg4 73. b3 Kf6 74. Bd5 Ke7 75. Nc4 Bc7
76. Ne3 Bc8 77. Bc4 Kd6 78. g4 Bd8 79. Bd5 Ba6+ 80. Bc4 Bc8 81. Bd5 Ba6+
82. Kc2 Ke5 83. Nc4+ Bxc4 84. bxc4 Kd4 85. Kb3 Be7 86. Kc2 Bd8 87. Kd2 Bg5+
88. Ke2 Be7 89. Kd2 Bg5+ 90. Kc2 Be7 91. Kb3 Bd8 92. Ba8 Be7 93. Bb7 Bd8
94. e5 Be7 95. e6 Kc5 96. Be4 Kd4 97. Bd5 Kc5 98. Kc2 Kd4 99. Kd2 Bg5+ 100.
Ke2 b3 101. Kd1 Kc5 102. Ke2 b2 103. Be4 Kxc4 104. Kd1 Kd4 105. Bf5 Kc3
106. Be4 Kd4 107. Bf5 Kc3 1/2-1/2

[Event "World Rapid 2023"]
[Site "Samarkand UZB"]
[Date "2023.12.26"]
[EventDate "2023.12.26"]
[Round "2.12"]
[Result "0-1"]
[White "Pouya Idani"]
[Black "Sarin Nihal"]
[WhiteElo "2523"]
[BlackElo "2667"]
[PlyCount "92"]

1. e4 c5 2. Nf3 d6 3. Bb5+ Bd7 4. Bxd7+ Nxd7 5. O-O Ngf6 6. Qe2 e6 7. d4
cxd4 8. Nxd4 Be7 9. c4 O-O 10. Nc3 a6 11. Be3 Rc8 12. Rac1 Ne5 13. b3 Neg4
14. Bd2 Qb6 15. Nf3 Nd7 16. Bf4 Nge5 17. Rfd1 Rfd8 18. Nxe5 Nxe5 19. c5 Qb4
20. Na4 Ng6 21. Bxd6 Bxd6 22. cxd6 Rxc1 23. Rxc1 Qxd6 24. g3 Ne5 25. Kg2 g5
26. Nb2 Qd2 27. Rc2 Qxe2 28. Rxe2 g4 29. h3 h5 30. hxg4 hxg4 31. Rc2 b5 32.
a4 Rd4 33. axb5 axb5 34. Kf1 Nf3 35. Ke2 Rxe4+ 36. Kd3 Rd4+ 37. Ke3 f5 38.
Rc7 Rb4 39. Rc3 Kf7 40. Kd3 Rd4+ 41. Ke3 Kf6 42. Rc5 Rb4 43. Rc3 e5 44.
Rc6+ Kg5 45. Rc3 Re4+ 46. Kd3 Rd4+ 0-1

[Event "World Rapid 2023"]
[Site "Samarkand UZB"]
[Date "2023.12.26"]
[EventDate "2023.12.26"]
[Round "2.13"]
[Result "1/2-1/2"]
[White "Velimir Ivic"]
[Black "Van Foreest, Jorden"]
[WhiteElo "2489"]
[BlackElo "2693"]
[PlyCount "92"]

1. e4 c6 2. d4 d5 3. e5 Bf5 4. h4 h5 5. Bd3 Qd7 6. Ne2 Bxd3 7. Qxd3 c5 8.
O-O Nc6 9. c3 e6 10. Nd2 cxd4 11. cxd4 Nge7 12. Ng3 Ng6 13. Nf3 Be7 14. Bg5
Bxg5 15. hxg5 Rc8 16. Rac1 h4 17. Ne2 O-O 18. Rc3 Nce7 19. Rfc1 Rxc3 20.
Rxc3 Rc8 21. a3 Nf5 22. Kh2 a6 23. Qc2 Rxc3 24. Qxc3 Qb5 25. Qc8+ Kh7 26.
Qc2 Qb6 27. Kh3 Qb5 28. Kh2 Qd7 29. Kh3 Kg8 30. Kh2 b6 31. Kh3 Kh7 32. Kh2
Qb5 33. Kg1 Qd7 34. Kh2 Kg8 35. Kh3 Kf8 36. Qd3 Qc8 37. Kg4 Kg8 38. Kh3 a5
39. Kg4 Qc6 40. Nc3 Kf8 41. Qa6 Kg8 42. Qd3 Qc7 43. Qe2 Kh8 44. Qd3 Kg8 45.
Qe2 Nge7 46. Qd3 1/2-1/2

[Event "World Rapid 2023"]
[Site "Samarkand UZB"]
[Date "2023.12.26"]
[EventDate "2023.12.26"]
[Round "2.15"]
[Result "1/2-1/2"]
[White "Evgeny Tomashevsky"]
[Black "Denis Lazavik"]
[WhiteElo "2642"]
[BlackElo "2509"]
[PlyCount "74"]

1. e4 e5 2. Nf3 Nc6 3. Bb5 Nf6 4. O-O Nxe4 5. Re1 Nd6 6. Nxe5 Be7 7. Bf1
Nxe5 8. Rxe5 O-O 9. d4 Bf6 10. Re1 Re8 11. Nc3 Rxe1 12. Qxe1 Bxd4 13. Bf4
Ne8 14. Nd5 c6 15. Ne7+ Kf8 16. Nxc8 Qf6 17. Rd1 Rxc8 18. Qe4 Bb6 19. Rxd7
Rd8 20. Rxd8 Qxd8 21. c3 Nf6 22. Qf3 Qd5 23. Qxd5 Nxd5 24. Bd2 Ke7 25. Bd3
g6 26. Kf1 Bc7 27. g3 a6 28. Ke2 h5 29. Kf3 Be5 30. h3 f5 31. g4 hxg4+ 32.
hxg4 Ke6 33. gxf5+ gxf5 34. a4 Kf6 35. a5 Bc7 36. b4 Bd6 37. Ke2 Nf4+
1/2-1/2

[Event "World Rapid 2023"]
[Site "Samarkand UZB"]
[Date "2023.12.26"]
[EventDate "2023.12.26"]
[Round "2.16"]
[Result "1/2-1/2"]
[White "Yuriy Kuzubov"]
[Black "Roman Kezin"]
[WhiteElo "2626"]
[BlackElo "2497"]
[PlyCount "86"]

1. d4 d5 2. c4 e6 3. Nf3 Nf6 4. Nc3 c6 5. e3 Nbd7 6. Bd3 dxc4 7. Bxc4 b5 8.
Bd3 Bd6 9. O-O O-O 10. Qc2 Bb7 11. e4 e5 12. Bg5 exd4 13. Nxd4 Qc7 14. Kh1
h6 15. Bh4 Rfe8 16. Nf5 Be5 17. Ne2 c5 18. f4 c4 19. fxe5 Qxe5 20. Nc3 cxd3
21. Qxd3 Bxe4 22. Nxe4 Qxe4 23. Qg3 Qg4 24. Qxg4 Nxg4 25. Nd6 Re2 26. Rxf7
Ngf6 27. Bxf6 Nxf6 28. Rb7 Rxb2 29. Nf5 Ne8 30. Rd1 Rd8 31. Re1 Re2 32. Rf1
Rf2 33. Kg1 Rxa2 34. Re1 Kh7 35. h4 Rdd2 36. Rxe8 Rxg2+ 37. Kh1 Rh2+ 38.
Kg1 Rag2+ 39. Kf1 Rf2+ 40. Kg1 Rhg2+ 41. Kh1 Rh2+ 42. Kg1 Rhg2+ 43. Kh1
1/2-1/2

[Event "World Rapid 2023"]
[Site "Samarkand UZB"]
[Date "2023.12.26"]
[EventDate "2023.12.26"]
[Round "2.17"]
[Result "0-1"]
[White "Ilia Iljiushenok"]
[Black "Anton Guijarro, David"]
[WhiteElo "2480"]
[BlackElo "2625"]
[PlyCount "90"]

1. e4 c6 2. Nf3 d5 3. d3 e6 4. Nbd2 Nf6 5. g3 c5 6. Bg2 Nc6 7. O-O Be7 8.
Re1 h6 9. exd5 exd5 10. d4 O-O 11. dxc5 Bxc5 12. Nb3 Bb6 13. Be3 Bg4 14. h3
Bh5 15. c3 Re8 16. Qd2 a5 17. Nbd4 Ne4 18. Qc2 Qf6 19. g4 Bg6 20. Qb3 Nxd4
21. Nxd4 Red8 22. Qd1 a4 23. a3 Nc5 24. Qf3 Qxf3 25. Nxf3 Ra6 26. Bf1 Ra5
27. Ne5 Bc2 28. Rac1 Bb3 29. Bd4 Bc7 30. Nd3 Ne6 31. Be5 Bxe5 32. Rxe5 Raa8
33. Bg2 Rab8 34. f4 d4 35. c4 b6 36. Bd5 Nc5 37. Nf2 Re8 38. Rce1 Rxe5 39.
Rxe5 Kf8 40. Re2 b5 41. Rd2 bxc4 42. Rxd4 Rd8 43. Nd1 Ne6 44. Rd2 c3 45.
Nxc3 Nxf4 0-1

[Event "World Rapid 2023"]
[Site "Samarkand UZB"]
[Date "2023.12.26"]
[EventDate "2023.12.26"]
[Round "2.18"]
[Result "1/2-1/2"]
[White "Javokhir Sindarov"]
[Black "Klementy Sychev"]
[WhiteElo "2625"]
[BlackElo "2489"]
[PlyCount "82"]

1. e4 e5 2. Nf3 Nc6 3. Bc4 Nf6 4. d3 Bc5 5. Nc3 a6 6. O-O h6 7. Be3 d6 8.
Bxc5 dxc5 9. Nd5 O-O 10. a4 b6 11. Ne3 Re8 12. Kh1 Rb8 13. Nd2 b5 14. axb5
axb5 15. Ba2 Qd6 16. Qe1 Bd7 17. f3 Ra8 18. Qf2 Ra7 19. Bb3 Rea8 20. Rad1
Nd4 21. c3 Nxb3 22. Nxb3 Be6 23. c4 Nd7 24. g4 Rb8 25. Rg1 Rab7 26. g5 hxg5
27. Rxg5 bxc4 28. dxc4 Qe7 29. Qg3 f6 30. Rxd7 Qxd7 31. Nxc5 Qe7 32. Rg6 c6
33. Nxe6 Qxe6 34. Nf5 Qxc4 35. Qg1 Rxb2 36. Rxg7+ Kf8 37. Rf7+ Qxf7 38.
Qc5+ Kg8 39. Nh6+ Kg7 40. Nxf7 Kxf7 41. Qxc6 R8b3 1/2-1/2

[Event "World Rapid 2023"]
[Site "Samarkand UZB"]
[Date "2023.12.26"]
[EventDate "2023.12.26"]
[Round "2.19"]
[Result "1/2-1/2"]
[White "Kirill Shevchenko"]
[Black "Jakub Kosakowski"]
[WhiteElo "2619"]
[BlackElo "2472"]
[PlyCount "122"]

1. e4 c6 2. d4 d5 3. exd5 cxd5 4. c4 Nf6 5. Nc3 Nc6 6. Nf3 a6 7. cxd5 Nxd5
8. Bc4 Be6 9. Bb3 Na5 10. O-O Nxb3 11. axb3 Bg4 12. Qd3 e6 13. Ne5 Bf5 14.
Qg3 Nxc3 15. bxc3 f6 16. Nc4 b5 17. Ne3 Be4 18. Re1 Kf7 19. Qg4 Bb7 20.
Qh5+ g6 21. Qh3 Bg7 22. Ng4 Qd5 23. c4 Qf5 24. Bh6 Rhe8 25. Re3 Qh5 26.
Rae1 Qxh3 27. Rxh3 Rad8 28. Rd1 e5 29. d5 Bc8 30. f3 Bxh6 31. Rxh6 Kg7 32.
Rh4 g5 33. Rh5 Kg6 34. Rh6+ Kg7 35. Rxf6 Bxg4 36. Rxa6 Bf5 37. Ra7+ Kf8 38.
Rda1 bxc4 39. bxc4 Rc8 40. R1a6 Bd3 41. Rf6+ Kg8 42. d6 Rxc4 43. d7 Rd8 44.
Re6 Bg6 45. Rxe5 Rd4 46. Rxg5 R4xd7 47. Rxd7 Rxd7 48. Re5 Rd2 49. h3 Kf7
50. Kh2 Ra2 51. Kg3 Bd3 52. Re1 Ba6 53. Rc1 Re2 54. Rc7+ Re7 55. Rc6 Re6
56. Rc7+ Kg6 57. Rc5 h6 58. Ra5 Kf7 59. Rf5+ Rf6 60. Ra5 Rg6+ 61. Kf2 Rc6
1/2-1/2

[Event "World Rapid 2023"]
[Site "Samarkand UZB"]
[Date "2023.12.26"]
[EventDate "2023.12.26"]
[Round "2.20"]
[Result "0-1"]
[White "Guha Mitrabha"]
[Black "Ivan Cheparinov"]
[WhiteElo "2436"]
[BlackElo "2618"]
[PlyCount "56"]

1. d4 Nf6 2. Nf3 d5 3. Bf4 c5 4. e3 Nc6 5. Nbd2 Bg4 6. c3 e6 7. Qa4 Nd7 8.
Ne5 Ndxe5 9. Bxe5 f6 10. Bg3 h5 11. dxc5 Bxc5 12. Bd3 e5 13. Bg6+ Kf8 14.
Nb3 Bb6 15. c4 Ne7 16. Bd3 h4 17. c5 Bd7 18. Bb5 Bxb5 19. Qxb5 Bc7 20. Bxe5
fxe5 21. Qxb7 a5 22. Qb5 Rb8 23. Qa4 Rb4 24. Qa3 Qd7 25. Rc1 Qb5 26. c6 Rh6
27. Kd2 a4 28. Rc5 Qb6 0-1

[Event "World Rapid 2023"]
[Site "Samarkand UZB"]
[Date "2023.12.26"]
[EventDate "2023.12.26"]
[Round "2.21"]
[Result "0-1"]
[White "Gabriel Gaehwiler"]
[Black "Maxim Matlakov"]
[WhiteElo "2384"]
[BlackElo "2671"]
[PlyCount "100"]

1. d4 Nf6 2. c4 e6 3. g3 d5 4. Nf3 Be7 5. Bg2 O-O 6. O-O dxc4 7. Qc2 a6 8.
a4 h6 9. Nbd2 Nc6 10. Nxc4 Nxd4 11. Nxd4 Qxd4 12. Be3 Qd8 13. Rfd1 Nd5 14.
Bd2 Qe8 15. e4 Nb4 16. Bxb4 Bxb4 17. e5 Rb8 18. Qd3 b5 19. axb5 Qxb5 20.
Qc2 a5 21. Ra2 Ba6 22. Nxa5 Bxa5 23. Rda1 Bb6 24. Rxa6 Qxe5 25. Rb1 Rfd8
26. Bf3 Rd4 27. Ra4 Rxa4 28. Qxa4 Rd8 29. Qc2 h5 30. Kg2 h4 31. Ra1 Bd4 32.
Ra4 Qe1 33. Qe2 Qxe2 34. Bxe2 hxg3 35. hxg3 Bxb2 36. Bf3 Rd2 37. Kf1 f5 38.
Be2 Kf7 39. Ra2 Rc2 40. Bd1 Rc1 41. Ke2 Be5 42. Kd2 Rb1 43. Bc2 Rh1 44. Bb3
g5 45. Ra5 Kf6 46. Ke2 Rb1 47. Bc4 Rb2+ 48. Ke3 Rb4 49. Be2 Bd4+ 50. Kf3
Rb2 0-1

[Event "World Rapid 2023"]
[Site "Samarkand UZB"]
[Date "2023.12.26"]
[EventDate "2023.12.26"]
[Round "2.22"]
[Result "0-1"]
[White "Anton Korobov"]
[Black "Bardiya Daneshvar"]
[WhiteElo "2601"]
[BlackElo "2470"]
[PlyCount "82"]

1. c4 c6 2. Nf3 d5 3. e3 Nf6 4. Nc3 e6 5. d4 Nbd7 6. Bd3 dxc4 7. Bxc4 b5 8.
Bd3 a6 9. e4 c5 10. e5 cxd4 11. Nxb5 Nxe5 12. Nxe5 axb5 13. Bxb5+ Bd7 14.
Nxd7 Qa5+ 15. Bd2 Qxb5 16. Nxf8 Qxb2 17. O-O Kxf8 18. a4 Ne4 19. Bf4 Nc3
20. Qf3 Rd8 21. Bc7 Rd5 22. a5 f6 23. Rfe1 Kf7 24. Qg4 Re8 25. a6 h5 26.
Qf3 d3 27. Bf4 d2 28. Bxd2 Qxd2 29. a7 Ra8 30. h4 Qd4 31. Ra6 Qd3 32. Raxe6
Qxf3 33. Re7+ Kg6 34. gxf3 Ra5 35. Kh2 R8xa7 36. Rg1+ Kh6 37. Rgxg7 Rxe7
38. Rxe7 Kg6 39. Kg3 Rd5 40. Re8 Rd2 41. Rg8+ Kf5 0-1

[Event "World Rapid 2023"]
[Site "Samarkand UZB"]
[Date "2023.12.26"]
[EventDate "2023.12.26"]
[Round "2.23"]
[Result "0-1"]
[White "Abdimalik Abdisalimov"]
[Black "Aleksandr Shimanov"]
[WhiteElo "2330"]
[BlackElo "2599"]
[PlyCount "136"]

1. d4 Nf6 2. c4 d6 3. Nc3 g6 4. e4 Bg7 5. h3 Nbd7 6. Bd3 O-O 7. Nge2 c5 8.
d5 Ne5 9. O-O e6 10. dxe6 fxe6 11. f4 Nxd3 12. Qxd3 b6 13. Be3 Bb7 14. Rad1
Qe8 15. Ng3 Rd8 16. Nb5 a6 17. Nxd6 Qc6 18. Rf2 Ne8 19. e5 Nxd6 20. exd6
Rd7 21. Rfd2 Rfd8 22. Qc2 Rxd6 23. Rxd6 Rxd6 24. Rxd6 Qxd6 25. Ne4 Qc6 26.
Ng5 e5 27. fxe5 Bxe5 28. Nf3 Bf6 29. Qd2 Qe6 30. Ng5 Qe5 31. b3 h6 32. Nf3
Bxf3 33. gxf3 Qg3+ 34. Kf1 Qxh3+ 35. Ke2 Qg2+ 36. Kd3 Qxf3 37. Qh2 Qf5+ 38.
Kd2 Qd7+ 39. Ke2 h5 40. Qb8+ Qd8 41. Qb7 a5 42. Bf4 Qe8+ 43. Kf3 Qe6 44.
Bc7 Qg4+ 45. Ke3 Qe6+ 46. Kf3 Qg4+ 47. Ke3 Bd4+ 48. Kd2 Qg5+ 49. Kd3 Qf5+
50. Qe4 Qf1+ 51. Qe2 Qb1+ 52. Qc2 Qf1+ 53. Qe2 Qb1+ 54. Qc2 Qh1 55. Qe2
Qh3+ 56. Kd2 Qc3+ 57. Kd1 Qa1+ 58. Kd2 Qxa2+ 59. Kd3 Qb1+ 60. Qc2 Qh1 61.
Bxb6 Qf3+ 62. Kd2 Qf2+ 63. Kd1 Qf1+ 64. Kd2 Qf2+ 65. Kd1 Qxc2+ 66. Kxc2 h4
67. Kd3 h3 68. Bc7 Bg1 0-1

[Event "World Rapid 2023"]
[Site "Samarkand UZB"]
[Date "2023.12.26"]
[EventDate "2023.12.26"]
[Round "2.24"]
[Result "1-0"]
[White "Xiangyu Xu"]
[Black "Jens Hirneise"]
[WhiteElo "2598"]
[BlackElo "2436"]
[PlyCount "92"]

1. d4 Nf6 2. c4 g6 3. Nc3 Bg7 4. e4 d6 5. Be2 O-O 6. Be3 Na6 7. Nf3 e5 8.
d5 Ng4 9. Bg5 f6 10. Bh4 Nh6 11. Nd2 c5 12. dxc6 bxc6 13. Nb3 Be6 14. f3
Rf7 15. O-O Bf8 16. Qd2 Rd7 17. Kh1 g5 18. Bf2 Nf7 19. Rfd1 h5 20. Nd5 Nh6
21. Rac1 Rc8 22. Qa5 Qxa5 23. Nxa5 Kg7 24. c5 Nxc5 25. Nb4 f5 26. exf5 Nxf5
27. Nbxc6 Rdc7 28. b4 Na4 29. Bxa7 Ra8 30. Bf2 d5 31. a3 d4 32. Nxd4 Rxc1
33. Nxe6+ Kf6 34. Rxc1 Kxe6 35. Rc6+ Kf7 36. Bd3 Ne7 37. Rc1 Nb2 38. Bc2
Rd8 39. Be3 Nd5 40. Bxg5 Be7 41. Nc6 Ra8 42. Nxe7 Nxe7 43. Bb3+ Kf8 44. a4
Nxa4 45. Rc7 Ng6 46. Bf7 1-0

[Event "World Rapid 2023"]
[Site "Samarkand UZB"]
[Date "2023.12.26"]
[EventDate "2023.12.26"]
[Round "2.1"]
[Result "1-0"]
[White "Aldiyar Ansat"]
[Black "Shant Sargsyan"]
[WhiteElo "2291"]
[BlackElo "2561"]
[PlyCount "130"]

1. e4 e5 2. Nf3 Nc6 3. Bb5 a6 4. Ba4 Nf6 5. O-O Be7 6. Re1 b5 7. Bb3 O-O 8.
a4 b4 9. d4 d6 10. dxe5 Nxe5 11. Nbd2 Nfd7 12. Nd4 Bb7 13. Nf5 Bf6 14. Nc4
Nxc4 15. Bxc4 a5 16. Re3 Ne5 17. Bd5 Bxd5 18. Qxd5 Qd7 19. Rg3 Qe6 20. Bg5
Bxg5 21. Rxg5 g6 22. Ne3 Qxd5 23. Nxd5 f6 24. Rg3 c6 25. Ne3 Rfe8 26. h4
Nd7 27. h5 Rxe4 28. hxg6 hxg6 29. Rxg6+ Kh7 30. Rg3 Rg8 31. Rxg8 Kxg8 32.
Rd1 d5 33. Nxd5 cxd5 34. Rxd5 Ne5 35. Rxa5 Re1+ 36. Kh2 Re2 37. Rb5 Rxc2
38. Rxb4 Rxf2 39. a5 Rf1 40. Ra4 Nc6 41. a6 Na7 42. Rb4 Rb1 43. Rb8+ Kf7
44. Rb7+ Ke6 45. Rxa7 Rxb2 46. Ra8 Ra2 47. a7 Kf5 48. Kg3 Ra4 49. Kf3 Ra3+
50. Ke2 Kf4 51. g3+ Kf5 52. g4+ Kf4 53. g5 Ra2+ 54. Kd3 Ra3+ 55. Kc4 fxg5
56. Rf8+ Ke3 57. a8=Q Rxa8 58. Rxa8 g4 59. Re8+ Kf2 60. Rf8+ Ke2 61. Rg8
Kf3 62. Kd3 g3 63. Rf8+ Kg2 64. Ke2 Kh1 65. Rg8 1-0